LEADER 00862nam a2200253 i 4500 001 000000156691 003 CaOOAMICUS 005 20061212000000.0 008 061212s1985 it u000 u mul u 013 $a134046 040 $aSeMil$bita 245 10$aVol. 2. 250 $a4. Ed. 300 $aP. 557-1213. 490 0 $aI grandi libri Garzanti ;$v315 500 $aTesto spagnolo a fronte. - Fondo Ciprandi. 700 1 $aMacrí, Oreste.$0(OLS)http://semarc/name/2513 773 0 $tPoesia spagnola del Novecento.$d[Milano] : Garzanti, copyr. 1985.$w()16988 830 2$aI grandi libri Garzanti ;$v315.$0(OLS)http://semarc/title/9892 850 $aSeMil 852 $aSeMil$W1$xVenegono$y1$m1U I 28$j108440$B108440$CSeMilBibl$Z2$F118018 $81 941 1 $a1 961 $aOmaggio: Ciprandi dott. Paolo 996 $6245$aVol. 2$9(OLS)http://semarc/title/13458 LEADER 00944nam a2200217 i 4500 001 000000059783 003 CaOOAMICUS 005 20130328000000.0 008 130328s1890 xx u000 u fre u 013 $a30955 040 $aSeMil$bita 100 1 $aManning, Henry Edward .$0(OLS)http://semarc/name/20734 245 13$aLe sacerdoce éternel /$cS.E. le Cardinal Manning ; traduit de l'anglais avec l'autorisation de l'auteur par l'abbé C. Maillet. 260 $aAvignon :$bAubanel frères,$cpref. 1890. 300 $aXV, 327 p. ;$c19 cm. 650 4$aSacerdozio.$0(OLS)http://semarc/subject/255 700 1 $aMaillet, C. .$0(OLS)http://semarc/name/24135 850 $aSeMil 852 $aSeMil$W1$xVenegono$y1$m2K II 7 FA$j25936$B25936$CSeMilBibl$Z2$F25939 $8I 996 $6245$aLe sacerdoce éternel$9(OLS)http://semarc/title/93471 996 $6260$aAvignon :$bAubanel frères$9(OLS)http://semarc/publisher/38393